Online
Catalog

Economía del gas natural líquido / (Record no. 58099)

MARC details
000 -CABECERA
campo de control de longitud fija 01385nab a2200241 a 4500
005 - FECHA Y HORA DE LA ÚLTIMA TRANSACCIÓN
campo de control 20250203074432.0
007 - CAMPO FIJO DE DESCRIPCIÓN FÍSICA--INFORMACIÓN GENERAL
campo de control de longitud fija ta
008 - DATOS DE LONGITUD FIJA--INFORMACIÓN GENERAL
campo de control de longitud fija 250203edr dr |||||r||||||0| 0 spa d
040 ## - FUENTE DE LA CATALOGACIÓN
Centro catalogador/agencia de origen DO-SdBNP
Centro/agencia transcriptor DO-SdBNP
Normas de descripción rda
041 ## - CÓDIGO DE LENGUA
Código de lengua original spa
100 ## - ENTRADA PRINCIPAL--NOMBRE DE PERSONA
Nombre de persona Mateo, Felíx
9 (RLIN) 86936
245 ## - MENCIÓN DE TÍTULO
Título Economía del gas natural líquido /
Mención de responsabilidad, etc. Felíx Mateo.
264 ## - PRODUCCIÓN, PUBLICACIÓN, DISTRIBUCIÓN, FABRICACIÓN Y COPYRIGHT
Producción, publicación, distribución, fabricación y copyright Santo Domingo, República Dominicana :
Nombre del de productor, editor, distribuidor, fabricante Revista GEM,
Fecha de producción, publicación, distribución, fabricación o copyright 2013.
300 ## - DESCRIPCIÓN FÍSICA
Extensión páginas 11 ;
Dimensiones 27 cm.
336 ## - TIPO DE CONTENIDO
Término de tipo de contenido texto
Código de tipo de contenido txt
Fuente rdacontent
337 ## - TIPO DE MEDIO
Nombre/término del tipo de medio sin mediación
Código del tipo de medio n
Fuente rdamedia
338 ## - TIPO DE SOPORTE
Nombre/término del tipo de soporte volumen
Código del tipo de soporte nc
Fuente rdacarrier
362 ## - FECHAS DE PUBLICACIÓN Y/O DESIGNACIÓN SECUENCIAL
Fecha de publicación y/o designación secuencial Año 1, No.1. Diciembre 2013.
521 ## - NOTA DE PÚBLICO DESTINATARIO
Nota de público destinatario Las fuentes energéticas a bajo costo son vitales para el desarrollo económico de los sectores productivos y la prosperidad de una nación; estos sectores para ser competitivos buscan alternativas más económicas que le permitan un mejor posicionamiento en el mercado. En las últimas décadas el consumo de Gas Natural se ha mantenido creciendo por la fuerte demanda y además se debe a sus bondades económicas, ambientales y a su alta eficiencia energética; razones que nos obligan a tratar más profundamente las interioridades y características de este combustible.
650 #0 - PUNTO DE ACCESO ADICIONAL DE MATERIA--TÉRMINO DE MATERIA
Término de materia o nombre geográfico como elemento de entrada Gas natural líquido
9 (RLIN) 86937
Subdivisión de forma Publicaciones periódicas
Subdivisión geográfica República Dominicana
773 0# - ENLACE AL DOCUMENTO FUENTE/ENTRADA DE REGISTRO ANFITRIÓN
Número bibliográfico anfitrión 58095
Número de ítem anfitrión 320241
Otro identificador del documento 2025-0579
Título Gas Energía & Minas /
942 ## - ELEMENTOS DE PUNTO DE ACCESO ADICIONAL (KOHA)
Fuente del sistema de clasificación o colocación Dewey Decimal Classification
Tipo de ítem Koha Publicación periódica

No items available.

Powered by Koha